Statystyki dla KRAJE Z DOSTĘPEM DO MORZA BAŁTYCKIEGO:

Kliknij tutaj aby rozwiązać quiz!

Ogólne statystyki

  • Ten quiz został rozwiązany 75 razy
  • Średni wynik to 6 z 6

Statystyki odpowiedzi

Odpowiedź% Poprawnych
NIEMCY
100%
POLSKA
100%
SZWECJA
94%
ŁOTWA
91%
LITWA
90%
DANIA
87%

Rozkład punktacji

Percentyl według liczby udzielonych odpowiedzi

Procent ludzi z każdym wynikiem

Twoja historia wyników

Nie rozwiązałeś tego quizu